| 000 | 00646nam a22002177a 4500 | ||
|---|---|---|---|
| 999 |
_c9312 _d9312 |
||
| 001 | 9312 | ||
| 003 | BD-JhCC | ||
| 005 | 20180314182844.0 | ||
| 008 | 180312s1964 bg p|||| |||| 00| 0 ben d | ||
| 035 | _a(BD-JhCC) 9312 | ||
| 040 |
_aBD-JhCC _dBD-JhCC |
||
| 041 | _aben | ||
| 082 |
_a100 _bKAH 1964 |
||
| 100 | _aকাসেম, আবুল | ||
| 245 |
_aআধুনিক চিন্তাধারা / _bআবুল কাসেম |
||
| 260 |
_aঢাকা : _bকামরুল আহ্সান ব্রাদা্র্স _c1964 |
||
| 300 |
_a112 P : _bIll _c21 cm |
||
| 650 | _aPhilosphy | ||
| 942 |
_2ddc _cBK |
||